[Event "ISR-ch Youth 2019"]
[Site "Jerusalem"]
[Date "2019.04.15"]
[Round "6.1"]
[White "Zemach, Roee"]
[Black "Milikow, Yoav"]
[Result "1-0"]
[WhiteElo "2230"]
[BlackElo "2256"]
[Annotator "TA"]
[PlyCount "101"]
[EventDate "2019.04.11"]
[EventType "swiss"]
[EventCountry "ISR"]
[SourceTitle "playchess.com"]
[Source "ChessBase"]
[SourceQuality "1"]

{[%evp 12,101,34,28,34,25,28,33,33,27,28,9,36,34,44,41,27,35,29,27,16,0,0,0,0,0,18,6,17,10,23,-21,24,24,24,24,24,24,24,24,24,24,28,33,36,29,31,31,50,50,53,47,60,0,39,0,55,56,56,63,54,38,37,54,31,37,73,73,83,79,150,126,148,154,150,148,302,297,317,324,316,306,406,365,361,359,682,660,647,660,718,699]} 1. e4 e6 2. d4 d5 3. Nd2 c5 4. exd5 exd5 5. Ngf3 Nc6 6. Bb5 Qe7+ 7. Be2 Qc7 {C09: French Tarrasch: 3...c5 4 exd5 exd5 5 Ngf3 Nc6} 8. dxc5 Bxc5 9. Nb3 Be7 {White is slightly better.} 10. c3 ({Inferior is} 10. Qxd5 Nb4 $17) 10... Nf6 11. O-O O-O 12. Bg5 Be6 13. Re1 Rae8 14. Nbd4 {[#]} Ne4 $146 ({Predecessor:} 14... h6 15. Bh4 {½-½ (76) Mista,A (2606)-Wojtaszek,R (2734) Poland 2017}) 15. Bxe7 Rxe7 16. Bd3 Bg4 17. Qc2 {[%cal Rd3e4]} Rfe8 18. Re3 Bxf3 19. Nxf3 Qb6 {White should prevent ...Nxf2!} 20. Re2 g6 21. Qb3 (21. Rd1 {feels hotter.} Nf6 22. Rxe7 Rxe7 23. g3 Na5 24. Kg2) 21... Ng5 {[#] Strongly threatening ...Nxf3+.} (21... Qxb3 {is more complex.} 22. axb3 Nc5 23. Rxe7 Rxe7 24. Rd1 d4) 22. Qxb6 Nxf3+ 23. gxf3 axb6 24. Rxe7 Rxe7 $11 {[%mdl 4096] Endgame KRB-KRN} 25. Rd1 Re6 26. Kf1 Kg7 27. Bc2 Ne7 28. f4 Rf6 29. Bb3 Rf5 30. Rd4 Kf8 31. Rb4 Rf6 32. Rd4 Rf5 33. Rb4 Rf6 34. Ra4 Rd6 35. Ra8+ Kg7 36. Rb8 Rd7 37. Ba4 Rc7 38. Rd8 Rc4 39. Bb3 Rxf4 40. Bxd5 Nf5 (40... Nc6 $142 41. Rd7 Ne5 42. Rxb7 Nd3) 41. Bxb7 Ne3+ 42. Ke2 Ng4 43. f3 Nxh2 $2 (43... Ne5 $16) 44. Rd4 $18 Rf5 45. Rh4 Re5+ {[#]} 46. Kf2 $1 Re7 47. Bd5 ({Stronger than} 47. Rxh2 Rxb7 48. a4 h5 $11) 47... Rd7 48. c4 b5 $2 (48... Nxf3 49. Kxf3 f5) 49. Rxh2 {White is clearly winning.} bxc4 50. Bxc4 Rd2+ 51. Kg3 {Accuracy: White = 81%, Black = 47%.} 1-0

[Event "ISR-ch Youth 2019"]
[Site "Jerusalem"]
[Date "2019.04.15"]
[Round "6.2"]
[White "Globus, Or"]
[Black "Cohen Revivo, Shoham"]
[Result "1-0"]
[WhiteElo "2346"]
[BlackElo "2151"]
[Annotator "TA"]
[PlyCount "119"]
[EventDate "2019.04.11"]
[EventType "swiss"]
[EventCountry "ISR"]
[SourceTitle "playchess.com"]
[Source "ChessBase"]
[SourceQuality "1"]

{[%evp 22,119,27,24,33,43,43,-16,14,3,3,-47,-42,-50,-27,-56,-60,-54,-44,-38,76,0,185,185,252,266,283,202,212,205,232,211,211,220,215,199,202,211,200,182,203,200,206,168,238,238,212,167,488,477,466,460,447,362,356,343,455,450,458,456,573,552,557,524,29957,12816,5643,5531,3488,2488,5527,3257,29968,29969,29969,29970,29971,29972,29973,29974,29974,29974,29974,29975,29976,29972,29970,0,29974,29976,29976,29976,29972,29973,29987,29988,29988,29989,29989,29990]} 1. d4 Nf6 2. c4 c6 3. Nf3 d5 4. e3 Bf5 5. Nc3 e6 6. Nh4 Be4 7. f3 Bg6 8. Qb3 Qc7 9. Bd2 {D12: Slav Defence: 3 Nf3 Nf6 4 e3 Bf5} Be7 10. O-O-O (10. cxd5 Nxd5 11. Nxg6 hxg6 12. O-O-O Nd7 13. Nxd5 cxd5+ 14. Kb1 a6 15. Rc1 Qb8 16. Bb4 a5 {½-½ (51) Eljanov,P (2680)-Postny,E (2623) chess.com INT 2019}) 10... dxc4 11. Bxc4 b5 12. Be2 {LiveBook: 30 Games} ({Wrong is} 12. Nxg6 $2 bxc4 13. Qxc4 (13. Nb5 $2 Qd7 $19) 13... hxg6 $19) 12... Nbd7 13. Nxg6 hxg6 14. g3 (14. Kb1 $14) 14... a6 15. Kb1 c5 16. dxc5 Nxc5 17. Qc2 $146 Rc8 18. Rc1 O-O 19. e4 Rfd8 20. Rhd1 Qc6 (20... Nfd7 $15 {keeps the upper hand.}) 21. Be3 (21. e5 $1 $16 {[%cal Re5f6]} Nfd7 22. b4) 21... Nfd7 $2 (21... Ncd7 $11 {and Black has nothing to worry.}) 22. b4 $1 $18 Nb7 {[#]} (22... Na4 {might work better.} 23. Nxa4 Qxc2+ 24. Rxc2 Rxc2 25. Kxc2 bxa4) 23. Qb3 $1 Ne5 24. Nxb5 Rxd1 25. Qxd1 Qd7 26. Qxd7 Rxc1+ 27. Kxc1 Nxd7 28. Nc7 Bxb4 29. Nxa6 Ba5 30. Kb2 Kf8 31. Kb3 Ke7 32. Ka4 Kd6 (32... Be1 {was worth a try.} 33. Nb4 Bc3) 33. Kb5 Bc3 34. a4 Ne5 $2 (34... Ke7 {is more resistant.} 35. Kc4 Be1) 35. f4 Nc6 36. e5+ Kd7 37. Nc5+ Nxc5 38. Kxc5 {[%mdl 4096] Endgame KBB-KBN} Kc7 39. Bf3 Ne7 40. Kb5 g5 41. a5 gxf4 42. gxf4 Nd5 43. Bxd5 (43. a6 $142 g6 44. Bxd5 exd5 45. Kc5 d4 46. Bxd4 Bd2 {[#]} 47. e6 $1 {[%mdl 512]} fxe6 48. Be5+ Kc8 49. Kd6) 43... exd5 {KB-KB} 44. Bb6+ Kb8 45. Kc5 d4 46. Kc4 g6 47. a6 Bd2 48. f5 gxf5 49. Bxd4 Be1 50. Kd3 Bh4 51. Ke3 Bg5+ 52. Kf3 Kc7 53. Kg3 Kc6 54. Kf3 Kc7 $1 55. Be3 {White mates.} Be7 56. a7 Kb7 57. Kf4 f6 58. e6 Bd6+ 59. Kxf5 Be7 60. h4 {Precision: White = 74%, Black = 29%.} 1-0

[Event "ISR-ch Youth 2019"]
[Site "Jerusalem"]
[Date "2019.04.15"]
[Round "6.3"]
[White "Aizenberg, Benny"]
[Black "Hoffmann, Yair"]
[Result "0-1"]
[WhiteElo "2066"]
[BlackElo "2103"]
[Annotator "TA"]
[PlyCount "82"]
[EventDate "2019.04.11"]
[EventType "swiss"]
[EventCountry "ISR"]
[SourceTitle "playchess.com"]
[Source "ChessBase"]
[SourceQuality "1"]

{[%evp 26,82,-36,-45,-31,-64,-60,-75,-58,-49,-56,-111,-107,-116,-106,-106,-110,-110,-114,-170,-163,-242,-246,-256,-239,-268,-270,-312,-302,-340,-328,-333,-336,-322,-341,-329,-329,-325,-329,-315,-291,-395,-397,-408,-401,-29985,-29982,-29988,-29989,-29989,-29990,-29991,-29992,-29992,-29992,-29992,-29988,-29989,-29989]} 1. e4 c6 2. d4 d5 3. exd5 cxd5 4. c4 Nf6 5. Nc3 e6 6. Nf3 Bb4 7. a3 Bxc3+ 8. bxc3 O-O 9. Bd3 dxc4 10. Bxc4 Qc7 11. Qd3 b6 {B14: Caro-Kann: Panov-Botvinnik Attack with 5...e6 and 5...g6} 12. Bg5 Nbd7 {[%cal Bb8d7,Bd7c5,Bc5e4,Be4c3][%mdl 32]} 13. O-O Bb7 14. Ba2 {LiveBook: 4 Games} Rac8 (14... Be4 15. Qe3 Bd5 16. Bb1 Rac8 17. Rc1 Rfe8 18. Ne5 Nxe5 19. dxe5 Nd7 {0-1 (60) Hoang,T (2364)-Lei,T (2473) Hamedan 2018}) 15. Rac1 Qd6 16. Rfe1 $146 {[#]} ({Predecessor:} 16. c4 e5 17. Bxf6 e4 18. Qe3 exf3 19. Be7 Qg6 20. Qg5 Rfe8 21. Qxg6 hxg6 {1-0 (34) Petersons,A-Luik,H Minsk 1957}) 16... Nc5 $1 {[%mdl 512]} 17. Qe3 (17. dxc5 Qxd3) 17... Nce4 18. Bb1 (18. c4 $15) 18... Ng4 19. Qf4 Qxf4 20. Bxf4 Nxc3 ({And not} 20... Ngxf2 21. c4 $16) 21. Bd3 Nf6 22. Be5 (22. Ne5 $17 {keeps fighting.}) 22... Rfd8 $19 23. Nd2 (23. Kf1 {is a better defense.}) 23... Ng4 24. Nc4 Nxe5 25. Nxe5 Rxd4 26. Rc2 f6 27. Bc4 Rdxc4 28. Nxc4 Rxc4 29. Re3 Rd4 {( -> ...Rd1+)} 30. f3 Nd5 31. Rxe6 Kf7 32. Rce2 h5 33. Kf2 Ba6 34. Re1 Rd2+ 35. Kg3 {[#]} (35. Kg1 $19) 35... h4+ $1 {Black mates.} 36. Kxh4 Rxg2 37. R6e4 Bc8 38. h3 Bf5 39. Ra4 a5 40. Rc4 g5+ 41. Kh5 Kg7 {Accuracy: White = 36%, Black = 86%.} 0-1

[Event "ISR-ch Youth 2019"]
[Site "Jerusalem"]
[Date "2019.04.15"]
[Round "6.4"]
[White "Mizrahi, Ido"]
[Black "Guz, Ari"]
[Result "1-0"]
[WhiteElo "1957"]
[BlackElo "2058"]
[Annotator "NA RC"]
[PlyCount "75"]
[EventDate "2019.04.11"]
[EventType "swiss"]
[EventCountry "ISR"]
[SourceTitle "playchess.com"]
[Source "ChessBase"]
[SourceQuality "1"]
[TimeControl "5400+30"]

{[%evp 8,75,18,32767,32767,32767,32767,32767,32767,32767,32767,32767,32767,32767,32767,32767,32767,0,7,3,2,-56,-64,-79,-84,-60,-106,-75,0,-8,14,0,21,0,14,-30,-22,-4,0,-116,0,0,0,0,0,32767,36,39,32767,311,293,32767,32767,366,32767,329,32767,246,250,296,487,477,32767,32767,32767,210,32767,32767,29991,29992]} 1. d4 {[%emt 0:00:00]} Nf6 {[%emt 0:00:00]} 2. c4 {[%emt 0:00:00]} e6 {[%emt 0:00:00]} 3. Nc3 {[%emt 0:00:00]} d5 {[%emt 0:00:02]} 4. cxd5 {[%emt 0:00:00]} exd5 {[%emt 0:00:07]} 5. Bg5 {[%emt 0:00:00]} c6 {[%emt 0:00:18]} 6. e3 {[%emt 0:00:17]} h6 {[%emt 0:00:14]} 7. Bh4 {[%emt 0:00:05]} Be7 {[%emt 0:00:09]} 8. Qc2 {[%emt 0:00:43]} O-O {[%emt 0:00:21]} 9. Bd3 {[%emt 0:00:08]} Re8 {[%emt 0:00:14]} 10. Nf3 {[%emt 0:03:33]} Ne4 {[%emt 0:02:08] D36: Queen's Gambit Declined: Exchange Variation: Main line (5 Bg5 c6 6 Qc2)} 11. Bxe7 {[%emt 0:01:26]} Qxe7 {[%emt 0:00:10]} 12. Ne5 {[%emt 0:09:53]} (12. O-O Nd7 13. b4 Ndf6 14. Rab1 Nxc3 15. Qxc3 Ne4 16. Qc2 Be6 17. Ne5 f6 18. Ng6 Qf7 19. Nf4 g5 20. f3 Nd6 21. Bg6 Qf8 22. Bxe8 gxf4 {½-½ (35) Michiels,B (2502)-Solodovnichenko,Y (2615) Metz 2012}) 12... Nxc3 {[%emt 0:00:22]} 13. bxc3 {[%emt 0:01:24]} Nd7 {[%emt 0:02:37]} 14. f4 $146 {[%emt 0:08:14]} ({White should play Predecessor:} 14. Nf3 $11 Nf6 15. Nd2 Ne4 16. O-O Nxd2 17. Qxd2 f5 18. Qc2 {½-½ (30) Schon,E (1790)-Davidovic,V Brisbane 2005}) 14... Nf8 {[%emt 0:16:10]} 15. O-O {[%emt 0:12:16]} f6 {[%emt 0:00:22]} 16. Ng6 {[%emt 0:02:04]} Qxe3+ {[%emt 0:02:39]} 17. Kh1 {[%emt 0:00:10]} Bd7 {[%emt 0:04:56] [#]} ({Better is} 17... Nxg6 $17 18. Bxg6 Re7) 18. Ne5 $1 {[%emt 0:02:50]} fxe5 {[%emt 0:03:34]} 19. Rae1 {[%emt 0:00:16]} exd4 {[%emt 0:00:14]} 20. Rxe3 {[%emt 0:00:15]} dxe3 {[%emt 0:02:05]} 21. Qe2 {[%emt 0:04:20]} c5 {[%emt 0:06:27]} 22. Qh5 {[%emt 0:07:53]} Bc6 {[%emt 0:02:24]} (22... c4 $5 {[%cal Rc4d3]} 23. Be2 Be6 $11) 23. c4 {[%emt 0:08:01]} (23. f5 $11 {remains equal.} Re5 24. Qg4) 23... Rad8 {[%emt 0:08:58]} (23... Nd7 $17 24. cxd5 Nf6 {[%mdl 64] Double Attack}) 24. f5 $1 {[%emt 0:14:21]} Re5 {[%emt 0:12:21]} 25. Qh4 $1 {[%emt 0:04:05]} Rd7 {[%emt 0:01:32]} 26. Qg3 {[%emt 0:04:46]} Ree7 {[%emt 0:02:08]} 27. f6 {[%emt 0:03:31]} Re6 {[%emt 0:02:21]} 28. fxg7 {[%emt 0:09:30]} Rxg7 {[%emt 0:00:13]} 29. Qf3 {[%emt 0:00:26]} Re8 {[%emt 0:01:48]} 30. cxd5 {[%emt 0:00:42]} Bd7 {[%emt 0:00:10]} 31. Qh5 {[%emt 0:02:41]} b5 {[%emt 0:01:16]} 32. Qxh6 {[%emt 0:01:33]} (32. Rf6 $142 e2 33. Bxe2) 32... c4 {[%emt 0:00:51]} 33. Be2 {[%emt 0:00:04]} Bg4 $2 {[%emt 0:01:54]} (33... Ng6 {keeps fighting.} 34. Rf3 c3) 34. Bxg4 {[%emt 0:00:56]} Rxg4 {[%emt 0:00:06]} 35. Qf6 {[%emt 0:00:33]} Rg7 {[%emt 0:00:41]} 36. d6 {[%emt 0:00:30]} Nd7 {[%emt 0:00:41]} 37. Qf3 {[%emt 0:00:32]} c3 $2 {[%emt 0:01:02]} (37... Re5 $18 38. Kg1 e2) 38. Qd5+ {[%emt 0:00:17] Double Attack} 1-0

[Event "ISR-ch Youth 2019"]
[Site "Jerusalem"]
[Date "2019.04.15"]
[Round "6.5"]
[White "Cohen, Elad"]
[Black "Uritsky, Yonathan"]
[Result "1/2-1/2"]
[WhiteElo "1828"]
[BlackElo "1899"]
[Annotator "NA RC"]
[PlyCount "147"]
[EventDate "2019.04.11"]
[EventType "swiss"]
[EventCountry "ISR"]
[SourceTitle "playchess.com"]
[Source "ChessBase"]
[SourceQuality "1"]
[TimeControl "5400+30"]

{[%evp 8,146,37,19,33,21,42,33,33,18,25,54,55,6,8,25,30,-2,2,32767,32767,32767,8,32767,32767,8,32767,32767,32767,-6,-16,-20,6,-8,0,0,22,11,38,37,54,45,41,44,66,13,13,8,31,34,42,31,84,82,78,83,66,80,89,72,66,50,120,63,63,57,84,53,73,74,75,36,34,0,0,0,32767,32767,0,32767,32767,0,0,0,0,0,0,32767,32767,0,0,0,32767,80,32767,32767,32767,32767,32767,32767,32767,32767,32767,32767,32767,32767,32767,32767,27,34,32767,32767,26,32767,32767,32767,32767,32767,32767,34,32767,45,32767,32767,32767,32767,32767,0,32767,0,32767,32767,32767,32767,0,0,0,0,0,0,0]} 1. e4 {[%emt 0:00:00]} c5 {[%emt 0:00:00]} 2. Nf3 {[%emt 0:00:00]} Nc6 {[%emt 0:00:10]} 3. d4 {[%emt 0:00:00]} cxd4 {[%emt 0:00:13]} 4. Nxd4 {[%emt 0:00:18]} Nf6 {[%emt 0:00:18]} 5. Nc3 {[%emt 0:00:24]} e6 {[%emt 0:00:10]} 6. Ndb5 {[%emt 0:00:25]} d6 {[%emt 0:00:16]} 7. Bf4 {[%emt 0:00:11]} e5 {[%emt 0:00:12]} 8. Bg5 {[%emt 0:00:06]} a6 {[%emt 0:00:10]} 9. Na3 {[%emt 0:00:19]} b5 {[%emt 0:00:19]} 10. Nd5 {[%emt 0:00:14]} Be7 {[%emt 0:00:12]} 11. Bxf6 {[%emt 0:00:27] LiveBook: 6538 Games} Bxf6 {[%emt 0:00:13]} 12. c4 {[%emt 0:00:08]} b4 {[%emt 0:00:20]} 13. Nc2 {[%emt 0:00:11]} a5 {[%emt 0:00:15]} 14. g3 {[%emt 0:00:06] B33: Sicilian: Pelikan and Sveshnikov Variations} O-O {[%emt 0:00:42]} 15. Bg2 {[%emt 0:00:14]} Bg5 {[%emt 0:01:08]} 16. O-O {[%emt 0:00:49]} Ne7 {[%emt 0:01:48]} 17. Nce3 {[%emt 0:00:58]} Be6 {[%emt 0:03:58] [#]} 18. h4 $146 {[%emt 0:07:43]} ({Predecessor:} 18. Qd3 Nxd5 19. Nxd5 Qb8 20. Rad1 a4 21. b3 axb3 22. axb3 {½-½ (97) Persson,C (2577)-Voll,A (2557) ICCF email 2012}) 18... Bxe3 {[%emt 0:04:56]} 19. Nxe3 {[%emt 0:00:38]} Rc8 {[%emt 0:00:42]} 20. Rc1 {[%emt 0:07:07]} Nc6 {[%emt 0:01:48]} 21. b3 {[%emt 0:00:22]} Nd4 {[%emt 0:01:46]} 22. Nc2 {[%emt 0:00:56]} Nxc2 {[%emt 0:01:55]} 23. Rxc2 {[%emt 0:01:56]} Qb6 {[%emt 0:02:46]} 24. Rd2 {[%emt 0:04:19]} Rcd8 {[%emt 0:09:20]} 25. Qe2 {[%emt 0:04:35]} Kh8 {[%emt 0:02:31]} 26. Qe3 {[%emt 0:01:40]} Qxe3 {[%emt 0:17:16]} 27. fxe3 {[%emt 0:00:05]} Rd7 {[%emt 0:00:08]} 28. Kh2 {[%emt 0:03:54]} Kg8 {[%emt 0:11:36]} 29. Bh3 {[%emt 0:09:35]} Bxh3 {[%emt 0:00:46]} (29... Rfd8 $11 {remains equal.}) 30. Kxh3 {[%emt 0:00:13]} Ra8 {[%emt 0:00:31]} 31. Rfd1 {[%emt 0:04:41]} Ra6 $1 {[%emt 0:00:51]} 32. c5 {[%emt 0:01:17]} f6 {[%emt 0:00:17]} 33. Rxd6 {[%emt 0:01:06]} Raxd6 {[%emt 0:01:04]} 34. cxd6 {[%emt 0:00:09]} ({Don't play} 34. Rxd6 Rxd6 35. cxd6 Kf7 $11) 34... Kf7 {[%emt 0:00:26] [#]} ({Black should play} 34... h5 $14) 35. Kg4 {[%emt 0:03:57]} (35. h5 $1 $16) 35... Ke6 {[%emt 0:03:58]} 36. Rd5 {[%emt 0:00:20]} Rxd6 {[%emt 0:03:16]} 37. Rxa5 {[%emt 0:00:35]} g6 {[%emt 0:01:14]} 38. Ra4 {[%emt 0:03:17]} Rd2 {[%emt 0:05:20]} 39. h5 {[%emt 0:01:40]} Rh2 {[%emt 0:03:40]} 40. h6 {[%emt 0:02:58]} Rxh6 {[%emt 0:08:31]} 41. Rxb4 {[%emt 0:00:05]} Rh2 {[%emt 0:00:15]} 42. a4 {[%emt 0:00:38]} h5+ {[%emt 0:00:34]} 43. Kf3 {[%emt 0:00:15]} g5 {[%emt 0:00:44]} 44. g4 {[%emt 0:02:26]} h4 $1 {[%emt 0:02:17]} 45. a5 {[%emt 0:07:52]} Ra2 {[%emt 0:00:26]} 46. Rb6+ {[%emt 0:01:17]} Kf7 {[%emt 0:00:32]} 47. b4 {[%emt 0:03:03]} h3 {[%emt 0:01:21]} 48. Rc6 {[%emt 0:01:53]} h2 {[%emt 0:01:21]} 49. Rc1 {[%emt 0:00:37]} Ra4 {[%emt 0:00:47]} 50. Rh1 {[%emt 0:01:04]} Rxb4 {[%emt 0:00:12]} 51. Rxh2 {[%emt 0:00:08]} Ra4 {[%emt 0:02:15]} 52. Rh7+ {[%emt 0:00:09]} Kg6 {[%emt 0:01:29]} 53. Ra7 {[%emt 0:00:04]} Ra2 {[%emt 0:00:03]} 54. a6 {[%emt 0:01:51]} Kh6 {[%emt 0:00:07]} 55. Ra8 {[%emt 0:00:08]} Kh7 {[%emt 0:00:22]} 56. a7 {[%emt 0:00:51]} Kg7 {[%emt 0:00:06]} 57. Kg3 {[%emt 0:00:15]} Kh7 $1 {[%emt 0:00:38]} 58. Rf8 {[%emt 0:00:29]} Rxa7 {[%emt 0:00:14]} 59. Rxf6 {[%emt 0:00:05]} Ra5 {[%emt 0:00:48]} 60. Kf3 {[%emt 0:01:01]} Kg7 {[%emt 0:00:21]} 61. Rd6 {[%emt 0:00:44]} Ra2 {[%emt 0:00:51]} 62. Re6 {[%emt 0:00:49]} Ra5 {[%emt 0:00:03]} 63. Ke2 {[%emt 0:00:06]} Kf7 {[%emt 0:00:26]} 64. Rd6 {[%emt 0:00:33]} Ra2+ {[%emt 0:02:31]} 65. Rd2 {[%emt 0:00:16]} Ra6 {[%emt 0:00:16]} 66. Kd3 {[%emt 0:02:02]} Ra3+ {[%emt 0:00:11]} 67. Kc4 {[%emt 0:01:13]} Ke6 {[%emt 0:01:33]} 68. Rb2 {[%emt 0:01:13]} Rxe3 {[%emt 0:03:17]} 69. Rb6+ {[%emt 0:00:07]} Kf7 {[%emt 0:00:36]} 70. Kd5 {[%emt 0:00:06]} Rg3 {[%emt 0:00:15]} 71. Kxe5 {[%emt 0:00:14]} Rxg4 {[%emt 0:00:12]} 72. Rb7+ {[%emt 0:00:20]} Kg6 {[%emt 0:01:15]} 73. Kd5 {[%emt 0:00:37]} Rg1 $11 {[%emt 0:00:09]} 74. e5 {[%emt 0:00:38]} 1/2-1/2

[Event "ISR-ch Youth 2019"]
[Site "Jerusalem"]
[Date "2019.04.15"]
[Round "6.6"]
[White "Milikow, Elie"]
[Black "Etingof, Yury"]
[Result "1/2-1/2"]
[WhiteElo "2199"]
[BlackElo "1630"]
[Annotator "TA"]
[PlyCount "74"]
[EventDate "2019.04.11"]
[EventType "swiss"]
[EventCountry "ISR"]
[SourceTitle "playchess.com"]
[Source "ChessBase"]
[SourceQuality "1"]

{[%evp 11,74,35,35,33,34,35,35,18,29,16,32,28,35,-65,-56,-58,-54,-43,16,17,25,0,0,-17,0,-63,33,14,32,20,66,-50,-58,-52,-7,-41,-7,-7,-7,-7,-7,-7,0,0,0,0,0,0,0,0,0,0,0,0,0,0,0,0,0,0,0,0,0,0,0]} 1. e4 e5 2. Nf3 Nc6 3. Bc4 Nf6 4. d3 Be7 5. c3 O-O 6. O-O d6 7. a4 {C55: Two Knights: 4 d3, 4 d4 exd4 5 e5 and Max Lange Attack} (7. Bb3 Na5 8. Bc2 c5 9. h3 Nc6 10. Re1 Qc7 11. Nbd2 Be6 12. Nf1 Nd7 13. Ng5 Bxg5 14. Bxg5 d5 15. exd5 Bxd5 16. Ne3 Be6 17. Qh5 Rfe8 18. b4 Nf8 19. bxc5 Qa5 20. d4 exd4 21. cxd4 Nxd4 22. Bf4 Nxc2 23. Nxc2 Qa4 {0-1 (23) Bortnyk,O (2588)-Wang,H (2712) Abu Dhabi 2016}) 7... Na5 8. Ba2 c5 9. h3 {White is slightly better.} Nc6 10. Re1 h6 11. Bd2 Be6 $146 ({Predecessor:} 11... a6 12. Na3 Rb8 13. b4 cxb4 14. cxb4 b5 15. axb5 axb5 {½-½ (30) Kiolbasa,O (2318)-Koziol,K (2270) Suchedniow 2016}) 12. c4 (12. Bxe6 $14 fxe6 13. Na3) 12... Nd7 13. Nc3 Rc8 14. Nd5 Bxd5 (14... a5 $15) 15. cxd5 $11 Nd4 16. Nxd4 cxd4 17. a5 f5 18. f3 (18. exf5 $11 Bg5 19. Rc1) 18... f4 (18... Bg5 $15) 19. Qe2 Bh4 20. Rec1 Nf6 21. Be1 (21. Bb4 $14) 21... Bxe1 22. Qxe1 g5 23. Qb4 {[#] Black must now prevent Rxc8.} Qe7 24. Rc4 {The position is equal.} Rc7 25. Rac1 Rfc8 26. a6 b6 27. Qb5 Kf8 (27... Rxc4 {with more complications.} 28. Rxc4 Rxc4 29. Bxc4 Qd7 30. Qc6 Kf8) 28. Rc6 Ne8 29. Bb3 Rxc6 30. Rxc6 Rxc6 31. Qxc6 Qc7 $1 {[%cal Rc7c6]} 32. Qa8 {[#] Threatens to win with Ba4.} Qc1+ 33. Kh2 {Hoping for Ba4.} Qe1 34. Ba4 Qg3+ 35. Kh1 Qe1+ 36. Kh2 Qg3+ 37. Kh1 Qe1+ {Accuracy: White = 46%, Black = 50%.} 1/2-1/2

[Event "ISR-ch Youth 2019"]
[Site "Jerusalem"]
[Date "2019.04.15"]
[Round "6.7"]
[White "Ribstein, Orel"]
[Black "Kinberg, Raz"]
[Result "1-0"]
[WhiteElo "1708"]
[BlackElo "1441"]
[Annotator "NA RC"]
[PlyCount "109"]
[EventDate "2019.04.11"]
[EventType "swiss"]
[EventCountry "ISR"]
[SourceTitle "playchess.com"]
[Source "ChessBase"]
[SourceQuality "1"]
[TimeControl "5400+30"]

1. d4 {[%emt 0:00:00]} Nf6 {[%emt 0:00:00]} 2. c4 {[%emt 0:00:00]} e6 {[%emt 0:00:00]} 3. g3 {[%emt 0:00:00]} c5 {[%emt 0:00:22]} 4. d5 {[%emt 0:00:07]} exd5 {[%emt 0:00:09]} 5. cxd5 {[%emt 0:00:09]} b5 {[%emt 0:00:09]} 6. Bg2 {[%emt 0:01:09]} d6 {[%emt 0:00:32]} 7. Nd2 {[%emt 0:01:13]} g6 {[%emt 0:00:44]} 8. a4 {[%emt 0:00:39]} b4 {[%emt 0:00:14]} 9. Nc4 {[%emt 0:06:01]} Ba6 {[%emt 0:02:55]} 10. Qc2 {[%emt 0:01:56]} Bxc4 {[%emt 0:01:29]} 11. Qxc4 {[%emt 0:00:08]} Bg7 {[%emt 0:01:49]} 12. e4 {[%emt 0:06:40]} O-O {[%emt 0:02:31]} 13. Ne2 {[%emt 0:02:30]} Nbd7 {[%emt 0:01:45]} 14. O-O {[%emt 0:03:59]} Re8 {[%emt 0:04:42]} 15. Re1 {[%emt 0:03:52]} Qc7 {[%emt 0:04:23]} 16. Bd2 {[%emt 0:02:42]} a5 {[%emt 0:02:25]} 17. Rac1 {[%emt 0:12:52]} Nb6 {[%emt 0:09:29]} 18. Qc2 {[%emt 0:00:33]} Qd7 {[%emt 0:00:52]} 19. b3 {[%emt 0:55:00]} Re7 {[%emt 0:06:51]} 20. Nf4 {[%emt 0:00:00]} Qe8 {[%emt 0:02:20]} 21. f3 {[%emt 0:00:00]} Raa7 {[%emt 0:01:51]} 22. Bf1 {[%emt 0:00:00]} Nfd7 {[%emt 0:04:16]} 23. Bb5 {[%emt 0:00:00]} Qd8 {[%emt 0:01:58]} 24. Nd3 {[%emt 0:00:00]} Ne5 {[%emt 0:07:07]} 25. Nxe5 {[%emt 0:00:00]} Bxe5 {[%emt 0:01:48]} 26. Bg5 {[%emt 0:00:00]} f6 {[%emt 0:00:25]} 27. Bf4 {[%emt 0:00:00]} Nd7 {[%emt 0:02:24]} 28. Bxe5 {[%emt 0:00:00]} fxe5 {[%emt 0:00:19]} 29. Rf1 {[%emt 0:00:00]} Rf7 {[%emt 0:02:08]} 30. Rf2 {[%emt 0:00:00]} Qg5 {[%emt 0:04:37]} 31. Rcf1 {[%emt 0:00:00]} Nb6 {[%emt 0:04:11]} 32. Kh1 {[%emt 0:00:00]} Qe7 {[%emt 0:04:15]} 33. Be2 {[%emt 0:00:00]} Kg7 {[%emt 0:01:09]} 34. Bb5 {[%emt 0:00:00]} Kg8 {[%emt 0:00:34]} 35. Be2 {[%emt 0:00:05]} Kg7 {[%emt 0:00:10]} 36. f4 {[%emt 0:01:46]} Qe8 {[%emt 0:01:23]} 37. f5 {[%emt 0:00:42]} Qf8 {[%emt 0:01:35]} 38. g4 {[%emt 0:00:54]} Qg8 {[%emt 0:04:13]} 39. Qc1 {[%emt 0:03:08]} Kh8 {[%emt 0:01:09]} 40. Qh6 {[%emt 0:01:02]} Qg7 {[%emt 0:00:18]} 41. Qh4 {[%emt 0:00:40]} g5 {[%emt 0:01:54]} 42. Qg3 {[%emt 0:00:20]} Qh6 {[%emt 0:00:25]} 43. h3 {[%emt 0:00:17]} Rf6 {[%emt 0:01:13]} 44. Rh2 {[%emt 0:01:23]} Qg7 {[%emt 0:00:14]} 45. Rff2 {[%emt 0:00:17]} Nd7 {[%emt 0:00:22]} 46. Bb5 {[%emt 0:00:34]} Nf8 {[%emt 0:00:12]} 47. h4 {[%emt 0:00:25]} Re7 {[%emt 0:00:19]} 48. hxg5 {[%emt 0:00:43]} Qxg5 {[%emt 0:00:06]} 49. Rh5 {[%emt 0:00:19]} Qg8 {[%emt 0:00:26]} 50. Qh4 {[%emt 0:00:44]} Rff7 {[%emt 0:00:21]} 51. g5 {[%emt 0:00:56]} Ra7 {[%emt 0:00:22]} 52. Rg2 {[%emt 0:00:36]} Rac7 {[%emt 0:00:07]} 53. g6 {[%emt 0:00:46]} Rg7 {[%emt 0:00:09]} 54. Rgg5 {[%emt 0:00:43]} Ra7 {[%emt 0:00:07]} 55. Be8 {[%emt 0:00:23]} 1-0